| 000 | 00460nam a2200181Ia 4500 | ||
|---|---|---|---|
| 008 | 100921s9999 xx 000 0 und d | ||
| 082 |
_b17225 _a820 थ 75 |
||
| 100 | _aPatkar M.G. | ||
| 245 | _aCost Accounts. | ||
| 260 |
_b--- _c1975 |
||
| 300 |
_a239 _b--- |
||
| 365 | _b12 | ||
| 520 | _aललित इंग्रजी. | ||
| 630 | _aCost Accounts. | ||
| 650 | _aललित इंग्रजी. | ||
| 730 | _aCost Accounts. | ||
| 942 | _cBOOK | ||
| 999 |
_c766338 _d766335 |
||